00673cam a22002411 4500001001300000003000400013005001700017008004100034010001700075035002000092040001800112042001200130043001200142050001600154100001800170245004200188260001200230300002200242500001600264500008700280650004700367999001700414sa 63003580 DLC20260227111943.0890724r1962uuuubg 000 0 beno  asa 63003580  a(OCoLC)20059746 aDLCcWaUdDLC apremarc aa-bg---00aPK1701b.F31 aFazal, Abdul.10aSāhitya o saṃskr̥ti sādhanā. c[1962?] a2, 286 p.c23 cm. aIn Bengali. aA collection of the author's articles previously published in various periodicals. 0aBengali literaturexHistory and criticism. c55176d55176